000 00402nam a2200133Ia 4500
005 20260328101509.0
008 260328s9999||||xx |||||||||||||| ||und||
100 _ade Llano, Pedro
245 0 _aLe Corbusier :
_b Viaxe o Mundo dun creador a traves de vintecinco Arquitecturas /
_cPedro de Llano
260 _bFundación Pedro Barrie de la Maza
300 _a331 p.
650 _aARQUITECTOS
942 _cBK
999 _c9131
_d9131